The three little fish and the big bad shark / (Record no. 106030)
[ view plain ]
| 000 -LEADER | |
|---|---|
| fixed length control field | 00801nam a2200193 a 4500 |
| 005 - DATE AND TIME OF LATEST TRANSACTION | |
| control field | 20140412111421.0 |
| 008 - FIXED-LENGTH DATA ELEMENTS--GENERAL INFORMATION | |
| fixed length control field | 080105s19uu xx 00 eng d |
| 020 ## - INTERNATIONAL STANDARD BOOK NUMBER | |
| International Standard Book Number | 0-439-41659-0 |
| 050 ## - LIBRARY OF CONGRESS CALL NUMBER | |
| Classification number | TR(PS E |
| Item number | Th41 2007 |
| 100 ## - MAIN ENTRY--PERSONAL NAME | |
| Personal name | Geist, Ken |
| 245 ## - TITLE STATEMENT | |
| Title | The three little fish and the big bad shark / |
| Statement of responsibility, etc | Ken Geist. |
| 250 ## - EDITION STATEMENT | |
| Edition statement | 1st ed. |
| 260 ## - PUBLICATION, DISTRIBUTION, ETC. (IMPRINT) | |
| Place of publication, distribution, etc | New York : |
| Name of publisher, distributor, etc | Cartwhell books, |
| Date of publication, distribution, etc | 2007. |
| 300 ## - PHYSICAL DESCRIPTION | |
| Extent | unpaged |
| 520 ## - SUMMARY, ETC. | |
| Summary, etc | In this spoof of the three little fish, Mama tells her three little fish that it's time to seek their fortunes. Jim builds a houseof seaweed and tim builds a house of sand, but it's up to kim to find the house that will stop the big bad shark's munching and crunching. |
| 650 ## - SUBJECT ADDED ENTRY--TOPICAL TERM | |
| Topical term or geographic name as entry element | Fishes |
| General subdivision | Juvenile literature |
| 650 ## - SUBJECT ADDED ENTRY--TOPICAL TERM | |
| Topical term or geographic name as entry element | Sharks |
| General subdivision | Juvenile literature |
| Withdrawn status | Lost status | Damaged status | Use restrictions | Home library | Current library | Shelving location | Date acquired | Source of acquisition | Cost, normal purchase price | Total Checkouts | Full call number | Barcode | Date last seen | Price effective from | Koha item type |
|---|---|---|---|---|---|---|---|---|---|---|---|---|---|---|---|
| Elizalde Library | Elizalde Library | Teachers Reference Section | 01/05/2008 | 395.00 | TR(PS E Th41 2007 | E11129 | 04/12/2014 | 04/12/2014 | Books |